Zipser Bote Wochenblatt für Zipser Interessen : Organ des Zipser landwirtschaftlichen Vereins

Bibliographic Details
Previous Title:Szepesi Értésitő
Format: Microfilm Newspaper
Language:German
Published: Levoča Carl Seeliger 1875-
Levoča Gustav Hoepfner
Levoča Árpád Nagy
Subjects:

MARC

LEADER 00000nas a2200000 a 4500
001 vtls009181798
003 SK-MaSNL
005 20260228161120.0
007 hd bfa014baap
007 hd bfa014babp
007 hd afa014bacp
008 080207d18751908xo wr naa 0 0ger
040 |a SNK  |b slo  |c SNK  |e AACR2 
041 0 |a ger 
044 |a xo  |c SK 
245 0 0 |a Zipser Bote  |h mikroforma  |b Wochenblatt für Zipser Interessen : Organ des Zipser landwirtschaftlichen Vereins 
260 |a Levoča  |b Carl Seeliger  |c 1875- 
260 2 |3 1876-1900  |a Levoča  |b Gustav Hoepfner 
260 3 |3 1901-1908  |a Levoča  |b Árpád Nagy 
310 |a Týždenne  |b 1875-1908 
340 |a Mikrofilm  |b 35 mm 
362 0 |a 1875-1908 
533 |a Mikrofilm  |m 1877-1879  |b Martin  |c Matica slovenská  |d 1994  |e 1 mikrofilmová cievka ; 35 mm 
655 7 |a mikrofilmy  |2 SNKPH  |9 266443 
655 7 |a noviny  |2 SNKPH  |9 72987 
780 0 0 |t Szepesi Értésitő 
910 |a snk 
999 |c 4371  |d 6301 
952 |0 0  |1 0  |4 0  |7 0  |8 5  |d 2008-02-07  |i snk2008/20777  |l 0  |o snkMP 126  |p 17A0577219  |r 2026-02-21 22:30:33  |t 6.1.1877-27.12.1879  |w 2026-02-21  |y PREZ 
952 |0 0  |1 0  |4 0  |7 0  |8 5  |a SNKDIV  |b SNKDIV  |d 2008-02-07  |l 0  |o snkMA 126  |p 17A0577217  |r 2026-02-21 22:32:22  |w 2026-02-21  |y NEVYP 
952 |0 0  |1 0  |4 0  |7 0  |8 5  |a SNKDIV  |b SNKDIV  |d 2008-02-07  |l 0  |o snkMM 126  |p 17A0577218  |r 2026-02-21 22:32:22  |w 2026-02-21  |y NEVYP